Thrash Metal Bands - Statistics

General Stats
  • This quiz has been taken 168 times
  • The average score is 14 of 25
Answer Stats
Album Band % Correct
Master of Puppets Metallica
100%
Rust In Peace Megadeth
95%
Reign In Blood Slayer
95%
Among the Living Anthrax
91%
Bonded by Blood Exodus
77%
The Years of Decay Overkill
72%
Agent Orange Sodom
71%
The Legacy Testament
70%
Pleasure to Kill Kreator
64%
Alice in Hell Annihilator
61%
Beneath the Remains Sepultura
60%
Darkness Descends Dark Angel
55%
The Ultra-Violence Death Angel
55%
Seven Churches Possessed
54%
Infernal Overkill Destruction
48%
Game Over Nuclear Assault
42%
Dimension Hatröss Voivod
40%
Blood Fire Death Bathory
39%
To Mega Therion Celtic Frost
39%
By Inheritance Artillery
34%
Mental Vortex Coroner
34%
Terminal Redux Vektor
32%
Spectrum of Death Morbid Saint
25%
Illusions Sadus
19%
This Godless Endeavor Nevermore
13%
No matching quizzes found
Score Distribution
Percent of People with Each Score
Percentile by Number Answered
Your Score History
You have not taken this quiz